Really hard videogames - Statistics

General Stats
  • This quiz has been taken 305 times
  • The average score is 7 of 16
Answer Stats
Picture Answer % Correct
Dark Souls
86%
Hollow Knight
84%
Sekiro: Shadows Die Twice
81%
Superhot
73%
Getting Over It with Bennett Foddy
72%
Celeste
64%
Ori and the Blind Forest
58%
Doom Eternal
50%
Ultrakill
34%
Dead Cells
33%
Factorio
33%
I Wanna Be the Boshy
16%
Chrono Cross
5%
Human Resource Machine
4%
The Void
2%
TIS-100
2%
No matching quizzes found
Score Distribution
Percent of People with Each Score
Percentile by Number Answered
Your Score History
You have not taken this quiz